[Event "Fide Women Grand Prix Geneva 2013"]
[Site "Geneva SUI"]
[Date "2013.05.03"]
[Round "1.2"]
[White "Kosintseva, Tatiana"]
[Black "Hou, Yifan"]
[Result "1/2-1/2"]
[WhiteElo "2517"]
[BlackElo "2617"]
[PlyCount "65"]
[EventDate "2013.05.03"]
[EventType "tourn"]
[EventRounds "11"]
[EventCountry "SUI"]
[EventCategory "11"]
[Source "lmi"]
[SourceDate "2013.05.03"]

1. e4 c5 2. Nf3 d6 3. d4 cxd4 4. Nxd4 Nf6 5. Nc3 a6 6. Bg5 e6 7. f4 Qb6 8. Qd2
Qxb2 9. Rb1 Qa3 10. e5 h6 11. Bh4 dxe5 12. fxe5 Nd5 13. Nxd5 exd5 14. e6 Bxe6
15. Nxe6 fxe6 16. Bd3 Be7 17. Bg6+ Kd8 18. Bxe7+ Qxe7 19. O-O Nd7 20. Rf7 Qc5+
21. Kh1 Rf8 22. Rxg7 Rf6 23. Bd3 Kc7 24. c4 d4 25. Qe2 Raf8 26. Qe4 b6 27. Qh7
Rd8 28. a4 Qe5 29. h3 Qc5 30. Ra1 Kd6 31. Rb1 Kc7 32. Kg1 Qe5 33. Kh1 1/2-1/2

[Event "Fide Women Grand Prix Geneva 2013"]
[Site "Geneva SUI"]
[Date "2013.05.03"]
[Round "1.3"]
[White "Khotenashvili, Bela"]
[Black "Ju, Wenjun"]
[Result "1-0"]
[WhiteElo "2505"]
[BlackElo "2544"]
[PlyCount "73"]
[EventDate "2013.05.03"]
[EventType "tourn"]
[EventRounds "11"]
[EventCountry "SUI"]
[EventCategory "11"]
[Source "lmi"]
[SourceDate "2013.05.03"]

1. d4 Nf6 2. c4 g6 3. Nc3 Bg7 4. e4 d6 5. Nf3 O-O 6. h3 c5 7. d5 e6 8. Bd3 exd5
9. cxd5 b5 10. Nxb5 Nxe4 11. Bxe4 Re8 12. Nd2 Ba6 13. a4 f5 14. O-O fxe4 15.
Nc4 Be5 16. Nxe5 Rxe5 17. Bf4 Rf5 18. Bg3 Bxb5 19. axb5 Nd7 20. Re1 Nf6 21. Ra6
Qe8 22. Qa4 Rxd5 23. Qa2 c4 24. b6 Qb5 25. bxa7 Qc5 26. Bf4 Nd7 27. Rc1 Kg7 28.
Be3 Qb5 29. Kh2 Ne5 30. Rb6 Qd7 31. Rb8 Nf3+ 32. Kg3 Rxa7 33. Qxc4 Rg5+ 34.
Bxg5 Nxg5 35. Qg8+ Kh6 36. Qf8+ Kh5 37. Qf4 1-0

[Event "Fide Women Grand Prix Geneva 2013"]
[Site "Geneva SUI"]
[Date "2013.05.03"]
[Round "1.5"]
[White "Cmilyte, Viktorija"]
[Black "Lagno, Kateryna"]
[Result "1/2-1/2"]
[WhiteElo "2522"]
[BlackElo "2548"]
[PlyCount "61"]
[EventDate "2013.05.03"]
[EventType "tourn"]
[EventRounds "11"]
[EventCountry "SUI"]
[EventCategory "11"]
[Source "lmi"]
[SourceDate "2013.05.03"]

1. d4 Nf6 2. c4 g6 3. g3 Bg7 4. Bg2 d5 5. cxd5 Nxd5 6. Nf3 Nb6 7. Nc3 Nc6 8. e3
O-O 9. O-O Re8 10. d5 Na5 11. Nd4 Bd7 12. b3 c6 13. dxc6 Nxc6 14. Nxc6 Bxc6 15.
Bxc6 bxc6 16. Bb2 Qxd1 17. Rfxd1 a5 18. Rd2 a4 19. Nxa4 Nxa4 20. Bxg7 Kxg7 21.
bxa4 Rxa4 22. Rc1 Rea8 23. Rxc6 Rxa2 24. Rxa2 Rxa2 25. h4 h5 26. Kg2 e6 27. Rc7
Rb2 28. Rc6 Ra2 29. Rc7 Rb2 30. Rc6 Ra2 31. Rc7 1/2-1/2

[Event "Fide Women Grand Prix Geneva 2013"]
[Site "Geneva SUI"]
[Date "2013.05.03"]
[Round "1.6"]
[White "Muzychuk, Anna"]
[Black "Girya, Olga"]
[Result "1-0"]
[WhiteElo "2585"]
[BlackElo "2463"]
[PlyCount "103"]
[EventDate "2013.05.03"]
[EventType "tourn"]
[EventRounds "11"]
[EventCountry "SUI"]
[EventCategory "11"]
[Source "lmi"]
[SourceDate "2013.05.03"]

1. e4 c6 2. d4 d5 3. Nc3 dxe4 4. Nxe4 Bf5 5. Ng3 Bg6 6. h4 h6 7. Nf3 Nd7 8. h5
Bh7 9. Bd3 Bxd3 10. Qxd3 e6 11. Bd2 Ngf6 12. O-O-O Be7 13. Kb1 O-O 14. Ne4 Nxe4
15. Qxe4 Nf6 16. Qe2 Qd5 17. Ne5 Qe4 18. Qxe4 Nxe4 19. Be1 Rfc8 20. f3 Nf6 21.
c4 b5 22. Rc1 Bd6 23. Ba5 a6 24. Nd3 Nd7 25. Rhd1 Rab8 26. g4 Be7 27. b3 bxc4
28. Rxc4 Rb5 29. Be1 Nb6 30. Rc2 Nd5 31. Rdc1 Rb6 32. Ba5 Rb5 33. Be1 Rb6 34.
Ne5 Bb4 35. Bf2 Ba3 36. Rxc6 Rbxc6 37. Rxc6 Rxc6 38. Nxc6 Nc3+ 39. Kc2 Nxa2 40.
Be1 Nc1 41. Bd2 Ne2 42. b4 Ng1 43. Kb3 Nxf3 44. Bf4 Bxb4 45. Kxb4 Kh7 46. Kc3
g6 47. Ne5 Ng1 48. Be3 Ne2+ 49. Kd3 Ng3 50. Bf4 Nh1 51. Ke2 g5 52. Bh2 1-0

[Event "Fide Women Grand Prix Geneva 2013"]
[Site "Geneva SUI"]
[Date "2013.05.04"]
[Round "2.2"]
[White "Lagno, Kateryna"]
[Black "Muzychuk, Anna"]
[Result "1/2-1/2"]
[WhiteElo "2548"]
[BlackElo "2585"]
[PlyCount "79"]
[EventDate "2013.05.03"]
[EventType "tourn"]
[EventRounds "11"]
[EventCountry "SUI"]
[EventCategory "11"]
[Source "lmi"]
[SourceDate "2013.05.03"]

1. Nf3 c5 2. c4 Nc6 3. d4 cxd4 4. Nxd4 Nf6 5. g3 e5 6. Nb5 Bb4+ 7. N1c3 d6 8.
a3 Bxc3+ 9. Nxc3 Be6 10. Bg2 Bxc4 11. Bg5 O-O 12. Rc1 h6 13. Bxf6 Qxf6 14. Ne4
Qe6 15. Qxd6 Nd4 16. Qxe6 Bxe6 17. Nc5 Rac8 18. Bxb7 Rc7 19. Ba6 Rb8 20. b4 Rb6
21. Bd3 a5 22. Rb1 Ba2 23. Ra1 Bd5 24. e4 Bc4 25. Bxc4 axb4 26. axb4 Rxb4 27.
Na6 Rbxc4 28. Nxc7 Nc2+ 29. Kd2 Nxa1 30. Rxa1 Rxc7 31. h4 h5 32. Ke3 f6 33.
Ra8+ Kh7 34. Rb8 Ra7 35. Rd8 Ra3+ 36. Ke2 Ra2+ 37. Ke3 Ra3+ 38. Ke2 Ra2+ 39.
Ke3 Ra3+ 40. Ke2 1/2-1/2

[Event "Fide Women Grand Prix Geneva 2013"]
[Site "Geneva SUI"]
[Date "2013.05.04"]
[Round "2.5"]
[White "Hou, Yifan"]
[Black "Khotenashvili, Bela"]
[Result "1-0"]
[WhiteElo "2617"]
[BlackElo "2505"]
[PlyCount "81"]
[EventDate "2013.05.03"]
[EventType "tourn"]
[EventRounds "11"]
[EventCountry "SUI"]
[EventCategory "11"]
[Source "lmi"]
[SourceDate "2013.05.03"]

1. e4 c6 2. Nc3 d5 3. Nf3 Bg4 4. h3 Bxf3 5. Qxf3 e6 6. d4 Nf6 7. Bd3 Qb6 8. O-O
Qxd4 9. Be3 Qb4 10. exd5 cxd5 11. Nb5 Na6 12. c4 Be7 13. a3 Qa5 14. Bxa7 O-O
15. b4 Qd8 16. Bd4 Nb8 17. Rad1 Nc6 18. Bb2 Qb8 19. Bxf6 Bxf6 20. cxd5 Ne5 21.
Qe4 Nxd3 22. Rxd3 exd5 23. Rxd5 Re8 24. Qd3 Qf4 25. Nd6 Reb8 26. g3 Qh6 27. Kg2
Qg6 28. Qf3 Bb2 29. Nc4 Bf6 30. Rd7 b6 31. Nxb6 Ra6 32. Nd5 h5 33. Nf4 Qf5 34.
Rd5 Be5 35. Re1 f6 36. Qb3 Kh7 37. Nd3 Rba8 38. Nxe5 Rxa3 39. Nc6 Qxf2+ 40.
Kxf2 Rxb3 41. Ra5 1-0

[Event "Fide Women Grand Prix Geneva 2013"]
[Site "Geneva SUI"]
[Date "2013.05.04"]
[Round "2.6"]
[White "Dzagnidze, Nana"]
[Black "Kosintseva, Tatiana"]
[Result "1/2-1/2"]
[WhiteElo "2545"]
[BlackElo "2517"]
[PlyCount "86"]
[EventDate "2013.05.03"]
[EventType "tourn"]
[EventRounds "11"]
[EventCountry "SUI"]
[EventCategory "11"]
[Source "lmi"]
[SourceDate "2013.05.03"]

1. d4 Nf6 2. c4 e6 3. Nc3 Bb4 4. e3 O-O 5. Bd3 c5 6. Nf3 d5 7. O-O Nc6 8. cxd5
exd5 9. dxc5 Bxc5 10. h3 Qe7 11. b3 Rd8 12. Bb2 Ne4 13. Ne2 Bf5 14. Ned4 Nxd4
15. Nxd4 Bg6 16. Rc1 Bd6 17. Nb5 Bb8 18. Qc2 a6 19. Nc7 Bxc7 20. Qxc7 Rd7 21.
Qf4 Ng5 22. Rfd1 Ne6 23. Qe5 f6 24. Qg3 Bxd3 25. Rxd3 Rad8 26. Qg4 Ng5 27. Rcd1
Qe6 28. Qf4 Rc8 29. Rc3 Rxc3 30. Bxc3 Ne4 31. Qb8+ Kf7 32. Bb4 Qe8 33. Qf4 Qe5
34. Qg4 Rc7 35. Qe2 h6 36. Qd3 Rd7 37. f3 Ng3 38. e4 Nh5 39. Bc3 Qg3 40. Be1
Qe5 41. Bc3 Qg3 42. Be1 Qe5 43. Bc3 Qg3 1/2-1/2

[Event "Fide Women Grand Prix Geneva 2013"]
[Site "Geneva SUI"]
[Date "2013.05.05"]
[Round "3.2"]
[White "Khotenashvili, Bela"]
[Black "Dzagnidze, Nana"]
[Result "1-0"]
[WhiteElo "2505"]
[BlackElo "2545"]
[PlyCount "67"]
[EventDate "2013.05.03"]
[EventType "tourn"]
[EventRounds "11"]
[EventCountry "SUI"]
[EventCategory "11"]
[Source "lmi"]
[SourceDate "2013.05.03"]

1. d4 Nf6 2. c4 e6 3. Nf3 Bb4+ 4. Nbd2 O-O 5. a3 Be7 6. e4 d5 7. e5 Nfd7 8. Bd3
c5 9. h4 g6 10. b4 cxd4 11. Qe2 Nc6 12. cxd5 exd5 13. e6 Nf6 14. Ng5 Bxe6 15.
Nxe6 fxe6 16. Qxe6+ Kg7 17. O-O Nh5 18. Nf3 a6 19. Ng5 Rf6 20. Qe2 Qd6 21. Re1
h6 22. Ne6+ Kf7 23. Bxg6+ Kxg6 24. Qg4+ Kh7 25. Qxh5 Rg8 26. Ng5+ Kg7 27. Re6
Qxe6 28. Nxe6+ Rxe6 29. Bf4 Rd8 30. Rd1 Rf6 31. Rd3 Kh7 32. Rg3 Rdf8 33. Qg4
R6f7 34. Bxh6 1-0

[Event "Fide Women Grand Prix Geneva 2013"]
[Site "Geneva SUI"]
[Date "2013.05.05"]
[Round "3.3"]
[White "Batchimeg, Tuvshintugs"]
[Black "Hou, Yifan"]
[Result "1-0"]
[WhiteElo "2298"]
[BlackElo "2617"]
[PlyCount "81"]
[EventDate "2013.05.03"]
[EventType "tourn"]
[EventRounds "11"]
[EventCountry "SUI"]
[EventCategory "11"]
[Source "lmi"]
[SourceDate "2013.05.03"]

1. d4 Nf6 2. Nf3 e6 3. e3 b6 4. Bd3 Bb7 5. O-O d5 6. c4 Bd6 7. b3 O-O 8. Bb2
Nbd7 9. Nc3 a6 10. Rc1 Qe7 11. cxd5 exd5 12. Ne2 Ne4 13. Ng3 f5 14. Qc2 Rf7 15.
Qe2 g5 16. Rc2 g4 17. Bxe4 fxe4 18. Ne5 Bxe5 19. dxe5 Nxe5 20. Bxe5 Qxe5 21.
Qxg4+ Rg7 22. Qf5 Qd6 23. Rd1 Rf8 24. Qh5 Qe6 25. b4 c6 26. Ne2 Qe7 27. Nf4 Qf6
28. Qe2 Rg5 29. h4 Re5 30. g3 Qd6 31. a3 c5 32. bxc5 bxc5 33. Rb2 Ba8 34. Rdb1
d4 35. Rb6 Qd7 36. Qc4+ Kh8 37. Rb8 Rd8 38. Ne6 Bd5 39. Nxd8 Re8 40. Qxc5 d3
41. Qd4+ 1-0

[Event "Fide Women Grand Prix Geneva 2013"]
[Site "Geneva SUI"]
[Date "2013.05.05"]
[Round "3.6"]
[White "Girya, Olga"]
[Black "Lagno, Kateryna"]
[Result "0-1"]
[WhiteElo "2463"]
[BlackElo "2548"]
[PlyCount "144"]
[EventDate "2013.05.03"]
[EventType "tourn"]
[EventRounds "11"]
[EventCountry "SUI"]
[EventCategory "11"]
[Source "lmi"]
[SourceDate "2013.05.03"]

1. d4 Nf6 2. c4 g6 3. Nc3 d5 4. Nf3 Bg7 5. e3 O-O 6. cxd5 Nxd5 7. Bc4 Nxc3 8.
bxc3 c5 9. O-O Qc7 10. Qe2 Nc6 11. Ba3 b6 12. Rac1 Bb7 13. Rfd1 Na5 14. Bb5
Rfd8 15. e4 e6 16. Qe3 Bc6 17. Bf1 Ba4 18. Rd2 cxd4 19. cxd4 Qb7 20. Rb2 Rac8
21. Rbb1 Bc2 22. Rb2 Bxe4 23. Rxc8 Rxc8 24. Ne5 Bd5 25. h4 Nc6 26. Rd2 h5 27.
Bd6 Ne7 28. Qa3 Nf5 29. Ba6 Qa8 30. Bxc8 Qxc8 31. Bb4 Nxd4 32. Rxd4 Bxe5 33.
Rd1 Qc4 34. Qe3 Bf6 35. a3 Qxh4 36. Rxd5 exd5 37. Qe8+ Kh7 38. Qxf7+ Bg7 39.
Qxa7 Qf6 40. Qd7 Qa1+ 41. Kh2 Qd4 42. Kg1 Kh6 43. g3 Qd1+ 44. Kg2 Qd3 45. Qd6
Qe4+ 46. Kg1 b5 47. Qc6 Qc4 48. Bd2+ Kh7 49. Qd7 Qd3 50. Bb4 Kh6 51. Bd6 Qb1+
52. Kg2 d4 53. Bf4+ Kh7 54. Qe7 Qf5 55. Bd2 Qc2 56. Bf4 Qc6+ 57. Kg1 Kg8 58.
Kf1 Qd5 59. Qe8+ Kh7 60. Kg1 d3 61. Qe3 Qd4 62. Qd2 Qa1+ 63. Kh2 Qxa3 64. Qe3
b4 65. g4 hxg4 66. Qg3 Qa5 67. Qxd3 Qf5 68. Qg3 b3 69. Qh4+ Qh5 70. Qxh5+ gxh5
71. Bc1 Be5+ 72. Kg2 h4 0-1

[Event "Fide Women Grand Prix Geneva 2013"]
[Site "Geneva SUI"]
[Date "2013.05.06"]
[Round "4.3"]
[White "Ju, Wenjun"]
[Black "Muzychuk, Anna"]
[Result "1/2-1/2"]
[WhiteElo "2544"]
[BlackElo "2585"]
[PlyCount "78"]
[EventDate "2013.05.03"]
[EventType "tourn"]
[EventRounds "11"]
[EventCountry "SUI"]
[EventCategory "11"]
[Source "lmi"]
[SourceDate "2013.05.03"]

1. c4 c5 2. Nf3 Nc6 3. Nc3 e5 4. e3 Nf6 5. d4 e4 6. d5 exf3 7. dxc6 dxc6 8.
Qxd8+ Kxd8 9. gxf3 g6 10. b3 Bg7 11. Bb2 Ke7 12. O-O-O Be6 13. Bd3 Rhd8 14. Kc2
Rd7 15. Ne2 Ne8 16. Ba3 b6 17. Nf4 Nd6 18. Nxe6 Kxe6 19. Rd2 Rad8 20. Rhd1 Nc8
21. Be4 Rxd2+ 22. Rxd2 Rxd2+ 23. Kxd2 Ne7 24. f4 a5 25. Kd3 Bf6 26. Bc1 Bh4 27.
Ke2 Bf6 28. Bd2 Bb2 29. Bg2 f5 30. Kf3 Ng8 31. Kg3 Kd6 32. e4 Ne7 33. exf5
Nxf5+ 34. Kg4 Bf6 35. Be4 Nd4 36. Be3 Nf5 37. Bd2 Nd4 38. Be3 Nf5 39. Bd2 Nd4
1/2-1/2

[Event "Fide Women Grand Prix Geneva 2013"]
[Site "Geneva SUI"]
[Date "2013.05.06"]
[Round "4.5"]
[White "Dzagnidze, Nana"]
[Black "Batchimeg, Tuvshintugs"]
[Result "1-0"]
[WhiteElo "2545"]
[BlackElo "2298"]
[PlyCount "129"]
[EventDate "2013.05.03"]
[EventType "tourn"]
[EventRounds "11"]
[EventCountry "SUI"]
[EventCategory "11"]
[Source "lmi"]
[SourceDate "2013.05.03"]

1. d4 Nf6 2. c4 g6 3. Nc3 d5 4. cxd5 Nxd5 5. Bd2 Bg7 6. e4 Nb6 7. Be3 O-O 8.
Bb5 c6 9. Be2 Be6 10. Nf3 Nc4 11. Bc1 Nb6 12. O-O Bg4 13. e5 Na6 14. h3 Bxf3
15. Bxf3 Nc7 16. a4 Ne6 17. a5 Nc4 18. Be2 Nxa5 19. b4 Qxd4 20. Qxd4 Nxd4 21.
Rxa5 Nb3 22. Ra2 Nxc1 23. Rxc1 Bxe5 24. Ne4 Rfc8 25. g3 Bd4 26. Kg2 Kf8 27. Nc5
Rc7 28. b5 Rac8 29. Bg4 e6 30. Bxe6 Re8 31. Bg4 Kg8 32. Nb3 Bb6 33. Rac2 h5 34.
Bf3 c5 35. Nxc5 Re5 36. Na4 Rxc2 37. Rxc2 Ba5 38. Bxb7 Rxb5 39. Rc5 Rxc5 40.
Nxc5 Bb6 41. Ne4 Kg7 42. Ba6 f6 43. Nc3 Bd4 44. Ne2 Be5 45. Kf3 Bc7 46. Nf4 Kh6
47. Bd3 g5 48. Nd5 Be5 49. g4 hxg4+ 50. hxg4 Bd4 51. Ke2 Kg7 52. Bf5 a5 53. Bd7
Kf7 54. f3 Bc5 55. Kd3 Bf2 56. Kc4 Be1 57. Kb5 Bd2 58. Bf5 Be1 59. Nb6 Ke7 60.
Nc4 Bc3 61. Nxa5 Kd6 62. Nb7+ Ke5 63. Nc5 Kf4 64. Be4 Ke3 65. Kc4 1-0

[Event "Fide Women Grand Prix Geneva 2013"]
[Site "Geneva SUI"]
[Date "2013.05.06"]
[Round "4.6"]
[White "Kosintseva, Tatiana"]
[Black "Khotenashvili, Bela"]
[Result "1-0"]
[WhiteElo "2517"]
[BlackElo "2505"]
[PlyCount "135"]
[EventDate "2013.05.03"]
[EventType "tourn"]
[EventRounds "11"]
[EventCountry "SUI"]
[EventCategory "11"]
[Source "lmi"]
[SourceDate "2013.05.03"]

1. e4 c6 2. d4 d5 3. e5 Bf5 4. Nf3 e6 5. Be2 c5 6. Be3 cxd4 7. Nxd4 Ne7 8. O-O
Nbc6 9. Bb5 a6 10. Bxc6+ Nxc6 11. Nxf5 exf5 12. Bd4 Be7 13. Nc3 O-O 14. Ne2 Rc8
15. c3 Qd7 16. Qd3 Rfe8 17. Rfe1 Bg5 18. Qg3 Qe7 19. Rad1 Na5 20. Qd3 Nc4 21.
Qxf5 Nxb2 22. Rb1 Nc4 23. f4 Bh6 24. Qg4 Rc6 25. Rbd1 g6 26. Bf2 Nb6 27. Nd4
Nc4 28. Nxc6 bxc6 29. Bd4 Bg7 30. Qe2 Qa3 31. Rb1 c5 32. Rb3 Qa5 33. Bf2 Na3
34. Rd1 c4 35. Bb6 Qa4 36. Rb4 Qc6 37. Bf2 Nb5 38. Qf3 Bf8 39. Rb2 Ba3 40. Rbd2
Nc7 41. Rb1 Bf8 42. Bd4 Ne6 43. Kh1 a5 44. Be3 Nc7 45. Qd1 a4 46. Rdb2 Ne6 47.
Rb6 Qa8 48. R6b5 Rd8 49. Qf3 Ng7 50. Bb6 Rd7 51. Bc5 Qc6 52. Bxf8 Kxf8 53. Rb8+
Ne8 54. Qh3 h5 55. Qh4 Re7 56. Qf2 Qe6 57. Qc5 Kg7 58. R8b6 Qd7 59. h3 Nc7 60.
Rb7 Qd8 61. Rb8 Qd7 62. R1b7 a3 63. Qd6 Qxd6 64. exd6 Re1+ 65. Kh2 Ne6 66. d7
Re2 67. Re8 Rb2 68. Ra7 1-0

[Event "Fide Women Grand Prix Geneva 2013"]
[Site "Geneva SUI"]
[Date "2013.05.08"]
[Round "5.2"]
[White "Batchimeg, Tuvshintugs"]
[Black "Kosintseva, Tatiana"]
[Result "1/2-1/2"]
[WhiteElo "2298"]
[BlackElo "2517"]
[PlyCount "122"]
[EventDate "2013.05.03"]
[EventType "tourn"]
[EventRounds "11"]
[EventCountry "SUI"]
[EventCategory "11"]
[Source "lmi"]
[SourceDate "2013.05.03"]

1. d4 Nf6 2. Nf3 d5 3. c4 e6 4. Nc3 Bb4 5. cxd5 exd5 6. Bg5 Nbd7 7. e3 c5 8.
Bd3 Qa5 9. Qc2 c4 10. Bf5 O-O 11. O-O Re8 12. Nd2 g6 13. Bxd7 Nxd7 14. h4 f6
15. Bf4 Bxc3 16. bxc3 Nb6 17. f3 Qa4 18. Qc1 Bf5 19. Re1 Bd3 20. Nf1 Qc6 21.
Ng3 Kg7 22. Nh1 h6 23. Nf2 g5 24. hxg5 hxg5 25. Bh2 Bg6 26. f4 gxf4 27. Bxf4
Na4 28. Qd2 b5 29. e4 dxe4 30. d5 Qd7 31. Qd4 Nb6 32. Rad1 Qf5 33. Qd2 Bh5 34.
Rb1 a6 35. Bh6+ Kh7 36. d6 Rad8 37. a4 Nd5 38. Be3 Rg8 39. Kf1 b4 40. cxb4 Rxd6
41. Qc2 Re6 42. b5 Rg3 43. Bd4 Qg6 44. Nxe4 Nf4 45. Nxf6+ Rxf6 46. Qxg6+ Rfxg6
47. Re7+ Kh6 48. Be3 Rxe3 49. Rxe3 axb5 50. axb5 Nd5 51. Re5 Rf6+ 52. Kg1 Bf7
53. Rc1 Nb6 54. Rf1 Kg6 55. Rc5 Bd5 56. Rxf6+ Kxf6 57. Kf2 Ke6 58. Ke3 Kd6 59.
Kd4 Bxg2 60. Rxc4 Nxc4 61. Kxc4 Ke5 1/2-1/2

[Event "Fide Women Grand Prix Geneva 2013"]
[Site "Geneva SUI"]
[Date "2013.05.08"]
[Round "5.3"]
[White "Cmilyte, Viktorija"]
[Black "Dzagnidze, Nana"]
[Result "1/2-1/2"]
[WhiteElo "2522"]
[BlackElo "2545"]
[PlyCount "143"]
[EventDate "2013.05.03"]
[EventType "tourn"]
[EventRounds "11"]
[EventCountry "SUI"]
[EventCategory "11"]
[Source "lmi"]
[SourceDate "2013.05.03"]

1. d4 Nf6 2. c4 e6 3. Nc3 Bb4 4. Qc2 O-O 5. Nf3 c5 6. dxc5 Na6 7. g3 Qa5 8. Bg2
Bxc3+ 9. Qxc3 Qxc3+ 10. bxc3 Nxc5 11. Ba3 b6 12. Nd4 Rb8 13. Nb5 Ba6 14. Rb1
Bxb5 15. Bxc5 Bxc4 16. Bxf8 Kxf8 17. Kd2 d5 18. Rhe1 Rc8 19. a4 Ng4 20. f3 Ne5
21. f4 Nd7 22. a5 b5 23. e4 Nc5 24. exd5 exd5 25. Re5 a6 26. Rh5 g6 27. Rxh7
Kg8 28. Rh4 Nb3+ 29. Rxb3 Bxb3 30. f5 Re8 31. Rf4 Bc4 32. Bf3 Kg7 33. f6+ Kh6
34. Bd1 g5 35. Rf2 Rb8 36. Bc2 b4 37. cxb4 Rxb4 38. Kc3 Rb5 39. Rf5 Rxa5 40.
Kd4 Ra2 41. Kc3 a5 42. Re5 Ra3+ 43. Kd4 Rf3 44. Bf5 g4 45. Bxg4 Rxf6 46. Bd7
Rf2 47. Re8 Kg7 48. h4 Rf3 49. Ra8 Rxg3 50. Rxa5 Rf3 51. Ra7 Rf4+ 52. Kc5 Rxh4
53. Be6 Rf4 54. Bxd5 Bxd5 55. Kxd5 Kf6 56. Ra1 Kf5 57. Rg1 Rf3 58. Kd6 Ke4 59.
Re1+ Kf4 60. Ke7 Kg3 61. Rg1+ Kh2 62. Rg7 f5 63. Kf6 Rf1 64. Ke5 f4 65. Rg4 f3
66. Kf4 Kh1 67. Rg3 f2 68. Kf3 Ra1 69. Kxf2 Ra2+ 70. Kf3 Ra3+ 71. Kg4 Rxg3+ 72.
Kxg3 1/2-1/2

[Event "Fide Women Grand Prix Geneva 2013"]
[Site "Geneva SUI"]
[Date "2013.05.08"]
[Round "5.5"]
[White "Girya, Olga"]
[Black "Ju, Wenjun"]
[Result "0-1"]
[WhiteElo "2463"]
[BlackElo "2544"]
[PlyCount "78"]
[EventDate "2013.05.03"]
[EventType "tourn"]
[EventRounds "11"]
[EventCountry "SUI"]
[EventCategory "11"]
[Source "lmi"]
[SourceDate "2013.05.03"]

1. d4 Nf6 2. c4 g6 3. Nc3 Bg7 4. e4 d6 5. f3 O-O 6. Bg5 c5 7. d5 e6 8. Qd2 exd5
9. Nxd5 Be6 10. Ne2 Bxd5 11. cxd5 Nbd7 12. Nc3 a6 13. Rc1 b5 14. b3 h6 15. Be3
Re8 16. Be2 Nh7 17. O-O f5 18. Bxh6 b4 19. Bxg7 Kxg7 20. Nd1 Qg5 21. Ne3 f4 22.
Nc4 Rh8 23. Nxd6 Nhf6 24. Bd1 Qh4 25. h3 Qg5 26. Kh1 Rh4 27. Rf2 Rah8 28. Be2
Ne5 29. Qb2 Qg3 30. Bf1 R8h5 31. Rxc5 Rg5 32. Bxa6 Rxh3+ 33. Kg1 Qh2+ 34. Kf1
Qh1+ 35. Ke2 Rxg2 36. Rc7+ Kg8 37. Rc8+ Kh7 38. Rc7+ Nfd7 39. Rxd7+ Nxd7 0-1

[Event "Fide Women Grand Prix Geneva 2013"]
[Site "Geneva SUI"]
[Date "2013.05.09"]
[Round "6.2"]
[White "Ju, Wenjun"]
[Black "Lagno, Kateryna"]
[Result "1/2-1/2"]
[WhiteElo "2544"]
[BlackElo "2548"]
[PlyCount "49"]
[EventDate "2013.05.03"]
[EventType "tourn"]
[EventRounds "11"]
[EventCountry "SUI"]
[EventCategory "11"]
[Source "lmi"]
[SourceDate "2013.05.03"]

1. Nf3 c5 2. c4 Nf6 3. d4 cxd4 4. Nxd4 Nc6 5. Nc3 e6 6. e3 d5 7. cxd5 Nxd5 8.
Nxc6 bxc6 9. e4 Nxc3 10. Qxd8+ Kxd8 11. bxc3 Bc5 12. Rb1 e5 13. Bc4 f6 14. Ke2
Kc7 15. Be3 Bxe3 16. Kxe3 Rb8 17. Rxb8 Kxb8 18. h4 Kc7 19. f3 Bd7 20. g4 h6 21.
Rh2 Kd6 22. Rb2 Kc7 23. Rh2 Kd6 24. Rb2 Kc7 25. Rh2 1/2-1/2

[Event "Fide Women Grand Prix Geneva 2013"]
[Site "Geneva SUI"]
[Date "2013.05.09"]
[Round "6.3"]
[White "Hou, Yifan"]
[Black "Girya, Olga"]
[Result "1/2-1/2"]
[WhiteElo "2617"]
[BlackElo "2463"]
[PlyCount "140"]
[EventDate "2013.05.03"]
[EventType "tourn"]
[EventRounds "11"]
[EventCountry "SUI"]
[EventCategory "11"]
[Source "lmi"]
[SourceDate "2013.05.03"]

1. e4 c6 2. Nc3 d5 3. Nf3 Bg4 4. d4 Nf6 5. Bd3 e6 6. h3 Bh5 7. a3 dxe4 8. Nxe4
Nbd7 9. g4 Nxe4 10. Bxe4 Bg6 11. Qe2 Qb6 12. c4 Bxe4 13. Qxe4 a5 14. Bf4 Be7
15. O-O O-O 16. g5 a4 17. h4 Rfe8 18. h5 c5 19. h6 cxd4 20. hxg7 e5 21. Nxe5
Nxe5 22. Bxe5 Bxg5 23. Rad1 Ra5 24. Qxd4 Qg6 25. Bg3 Rae5 26. Qd3 Re4 27. Qf3
Rxc4 28. Rfe1 Rce4 29. Rxe4 Qxe4 30. Qxe4 Rxe4 31. Rd7 Re7 32. Rd4 Bf6 33. Rxa4
Bxb2 34. Bd6 Rd7 35. Bf8 Bxg7 36. Bxg7 Kxg7 37. Kg2 Kf6 38. Rh4 Kg6 39. a4 f6
40. Rb4 Kf5 41. Rb5+ Ke4 42. a5 Rg7+ 43. Kf1 f5 44. Rb4+ Kf3 45. Rb3+ Kf4 46.
Rb4+ Kg5 47. Kg2 Rc7 48. Kg3 h6 49. Rb5 Rc3+ 50. Kg2 Rc7 51. Kg3 Rc3+ 52. Kg2
Ra3 53. Rxb7 Rxa5 54. Rg7+ Kf6 55. Rh7 Kg6 56. Rb7 h5 57. Rb8 Ra4 58. Rg8+ Kf6
59. Rf8+ Ke5 60. Re8+ Kf4 61. Rh8 Kg4 62. Rg8+ Kh4 63. Rf8 Rg4+ 64. Kf3 Kg5 65.
Rg8+ Kf6 66. Rxg4 hxg4+ 67. Kf4 Kg6 68. f3 Kh5 69. fxg4+ fxg4 70. Kg3 Kg5
1/2-1/2

[Event "Fide Women Grand Prix Geneva 2013"]
[Site "Geneva SUI"]
[Date "2013.05.09"]
[Round "6.4"]
[White "Dzagnidze, Nana"]
[Black "Muzychuk, Anna"]
[Result "1/2-1/2"]
[WhiteElo "2545"]
[BlackElo "2585"]
[PlyCount "66"]
[EventDate "2013.05.03"]
[EventType "tourn"]
[EventRounds "11"]
[EventCountry "SUI"]
[EventCategory "11"]
[Source "lmi"]
[SourceDate "2013.05.03"]

1. d4 d5 2. c4 c6 3. Nf3 Nf6 4. e3 Bg4 5. h3 Bxf3 6. Qxf3 e6 7. Bd3 Bb4+ 8. Nc3
Nbd7 9. Bd2 O-O 10. a3 Ba5 11. b4 Bc7 12. cxd5 cxd5 13. O-O Re8 14. Rfc1 Rc8
15. e4 e5 16. Bg5 h6 17. Bh4 g5 18. Bg3 exd4 19. Nxd5 Nxd5 20. exd5 Bxg3 21.
Qxg3 Qf6 22. Bb5 Rxc1+ 23. Rxc1 Rd8 24. Rc7 Ne5 25. Rxb7 Rxd5 26. Bd3 Nxd3 27.
Qxd3 Qc6 28. Rxa7 Qc1+ 29. Qf1 Qf4 30. Qd3 Qc1+ 31. Qf1 Qf4 32. Qd3 Qc1+ 33.
Qf1 Qf4 1/2-1/2

[Event "Fide Women Grand Prix Geneva 2013"]
[Site "Geneva SUI"]
[Date "2013.05.09"]
[Round "6.5"]
[White "Kosintseva, Tatiana"]
[Black "Cmilyte, Viktorija"]
[Result "1-0"]
[WhiteElo "2517"]
[BlackElo "2522"]
[PlyCount "83"]
[EventDate "2013.05.03"]
[EventType "tourn"]
[EventRounds "11"]
[EventCountry "SUI"]
[EventCategory "11"]
[Source "lmi"]
[SourceDate "2013.05.03"]

1. e4 c5 2. Nf3 d6 3. d4 cxd4 4. Nxd4 Nf6 5. Nc3 g6 6. Be3 Bg7 7. f3 O-O 8. Qd2
Nc6 9. Bc4 Nxd4 10. Bxd4 Be6 11. Bb3 Qa5 12. O-O-O Rfc8 13. Kb1 b5 14. Rhe1
Bxb3 15. cxb3 b4 16. Bxf6 bxc3 17. Bxc3 Bxc3 18. bxc3 Rxc3 19. Re3 Rac8 20.
Rxc3 Qxc3 21. Qxc3 Rxc3 22. Rc1 Rxc1+ 23. Kxc1 Kf8 24. Kc2 Ke8 25. Kc3 Kd7 26.
Kc4 Kc6 27. b4 a6 28. h4 f6 29. a4 e6 30. g4 g5 31. hxg5 fxg5 32. b5+ axb5+ 33.
axb5+ Kc7 34. Kb4 Kb6 35. Ka4 h6 36. Kb4 Kc7 37. Ka5 Kb7 38. b6 Ka8 39. Ka4 Kb8
40. Kb4 Kc8 41. Ka5 Kb8 42. Ka6 1-0

[Event "Fide Women Grand Prix Geneva 2013"]
[Site "Geneva SUI"]
[Date "2013.05.09"]
[Round "6.6"]
[White "Khotenashvili, Bela"]
[Black "Batchimeg, Tuvshintugs"]
[Result "1-0"]
[WhiteElo "2505"]
[BlackElo "2298"]
[PlyCount "87"]
[EventDate "2013.05.03"]
[EventType "tourn"]
[EventRounds "11"]
[EventCountry "SUI"]
[EventCategory "11"]
[Source "lmi"]
[SourceDate "2013.05.03"]

1. d4 d5 2. c4 dxc4 3. e4 Nc6 4. Nf3 Bg4 5. Bxc4 e6 6. Be3 Bxf3 7. gxf3 Qf6 8.
Bb5 Bb4+ 9. Nc3 Nge7 10. e5 Qh4 11. Qa4 O-O 12. O-O-O Bxc3 13. bxc3 a6 14. Bxc6
Nxc6 15. Rhg1 Qh5 16. Qa3 g6 17. Rg3 Qf5 18. Bg5 a5 19. Qb2 Rfb8 20. Qe2 b5 21.
Qe4 Qxe4 22. fxe4 b4 23. f4 a4 24. d5 b3 25. dxc6 bxa2 26. Kc2 a3 27. Ra1 Rb2+
28. Kd3 Rxh2 29. Re3 Ra6 30. Re2 Rh3+ 31. Kd4 Rxc6 32. c4 Ra6 33. Rexa2 f6 34.
Bxf6 Kf7 35. Rb1 Rb6 36. Rxb6 cxb6 37. Bd8 Rb3 38. Bc7 h5 39. Bd6 h4 40. Bxa3
h3 41. Bd6 Rg3 42. Ra7+ Kg8 43. Ra8+ Kg7 44. Be7 1-0